000 01929nam0a22003251 4500
001 v19\rc\1631614
005 20061002123019.9
035 _a(NLR Aleph) 004746777
090 _a4518468
_c4518468
100 _a20061002e18991899|||y0rusy50 ca
101 0 _arus
102 _aRU
105 _aa z |||||
200 1 _aОбзор трудов по воздухоплаванию
_e(Wiedemann's Annalen, 1899 г., № 1. Сокращ. дис.)
_f[Вл. Тюрин]
210 _a[Санкт-Петербург
_d1899]
215 _a743-762 с.
_cчерт.
_d23
300 _aАвт. указан в конце текста
309 _aБез тит. л. и обл.
311 _aОтт. из "Зап. Рус. техн. о-ва", 1899, № 12
327 1 _aСодерж.: Новый вращательный аппарат Маннесмана для измерений сопротивления воздуха; Страссбургская международная воздухоплавательная конференция; Военное воздухоплавание в Англии
464 0 _12001#$aНовый вращательный аппарат Маннесмана для измерений сопротивления воздуха$aСтрассбургская международная воздухоплавательная конференция$aВоенное воздухоплавание в Англии
488 0 _12001#$aЗаписки Русского технического общества$v1899, № 12
700 1 _aТюрин
_bВ. А.
_f1862-1908
_gВладислав Александрович
712 1 2 _aМеждународная воздухоплавательная конференция
_f1899
_eСтрасбург
801 0 _aRU
_bNLR
_gpsbo
801 0 _aRU
_bRuMoRGB
_2psbo
801 1 _aRU
_bProSoft-M
_2rusmarc
852 _aNLR
_j35/3830
942 _cBOOK
980 _aNB